000 00682nam a2200205 i 4500
001 146084
003 ES-MaACL
005 20231227150147.0
007 t|
008 070731s1958 sp ||||1| cat d
080 _a849.9(Verdaguer, Jacinto 1.06)
080 _a92(Verdaguer, Jacinto)
100 1 _aTorres Rosell, Ramón.
_9111014
245 1 0 _aVida, anècdotes i obra de Jacint Verdaguer i estudi dels Poemes del Llibre "Al cel" /
_cRamón Torres Rosell.
260 _aBarcelona :
_b[s.n.],
_c1958 (
_fFidel Rodríguez)
300 _a96 p. ;
_c18 cm.
600 1 4 _aVerdaguer, Jacint,
_d1845-1902
_9113998
852 _aES-MaACL
_jC-15198
_bR.42576
999 _c146084
_d146084